Rubens (Record no. 6309)
[ view plain ]
| 000 -CABECERA | |
|---|---|
| campo de control de longitud fija | 00876nam a2200241 a 4500 |
| 001 - NÚMERO DE CONTROL | |
| campo de control | BRCA_6625 |
| 005 - FECHA Y HORA DE LA ÚLTIMA TRANSACCIÓN | |
| campo de control | 20190320205531.0 |
| 008 - DATOS DE LONGITUD FIJA--INFORMACIÓN GENERAL | |
| campo de control de longitud fija | 061011s1969----u--a######---#000-0#eng-# |
| 041 ## - CÓDIGO DE LENGUA | |
| Código de lengua del texto/banda sonora o título independiente | eng |
| 044 ## - CÓDIGO DEL PAÍS DE LA ENTIDAD EDITORA/PRODUCTORA | |
| Código MARC del país | u |
| 050 #4 - SIGNATURA TOPOGRÁFICA DE LA BIBLIOTECA DEL CONGRESO | |
| Número de clasificación | ND673.R8 |
| Número de documento/Ítem | .R83 1969 |
| 245 10 - MENCIÓN DE TÍTULO | |
| Título | Rubens |
| Resto del título | the Antwerp Altarpieces : the Raising of the Cross, The Descent from the Cross |
| Mención de responsabilidad, etc. | edited by John Rupert Martin. |
| 260 ## - PUBLICACIÓN, DISTRIBUCIÓN, ETC. | |
| Lugar de publicación, distribución, etc. | E. U. A. |
| Nombre del editor, distribuidor, etc. | W. W. Norton & Company |
| Fecha de publicación, distribución, etc. | c1969 |
| 300 ## - DESCRIPCIÓN FÍSICA | |
| Extensión | xiii, 132 p. |
| Otras características físicas | il. (algunas a color) |
| Dimensiones | 21 cm. |
| 440 #0 - MENCIÓN DE SERIE/PUNTO DE ACCESO ADICIONAL--TÍTULO | |
| Título | A Norton critical study in art history |
| 9 (RLIN) | 16336 |
| 500 ## - NOTA GENERAL | |
| Nota general | Donación Dra. Elsa Barberena |
| 504 ## - NOTA DE BIBLIOGRAFÍA, ETC. | |
| Nota de bibliografía, etc. | Bibliografía: p. [131]-132 |
| 600 14 - PUNTO DE ACCESO ADICIONAL DE MATERIA--NOMBRE DE PERSONA | |
| Nombre de persona | Rubens, Peter Paul |
| Fechas asociadas al nombre | 1577-1640 |
| Título de la obra | Raising of the Cross |
| 9 (RLIN) | 16591 |
| 600 14 - PUNTO DE ACCESO ADICIONAL DE MATERIA--NOMBRE DE PERSONA | |
| Nombre de persona | Rubens, Peter Paul |
| Fechas asociadas al nombre | 1577-1640 |
| Título de la obra | Descent from the Cross |
| 9 (RLIN) | 16592 |
| 700 1# - PUNTO DE ACCESO ADICIONAL--NOMBRE DE PERSONA | |
| Nombre de persona | Martin, John Rupert |
| Término indicativo de función/relación | ed. |
| 9 (RLIN) | 16593 |
| 902 ## - CATALOGADOR | |
| Iniciales | DEB |
| 942 ## - ELEMENTOS DE PUNTO DE ACCESO ADICIONAL (KOHA) | |
| Fuente del sistema de clasificación o colocación | Library of Congress Classification |
| Tipo de ítem Koha | Libros |
| Estado de retiro | Estado de pérdida | Estado dañado | No para préstamo | Localización permanente | Ubicación/localización actual | Fecha de adquisición | Total de préstamos | Signatura topográfica completa | Código de barras | Fecha visto por última vez | Precio válido a partir de | Tipo de ítem Koha |
|---|---|---|---|---|---|---|---|---|---|---|---|---|
| El ejemplar forma parte de la colección y puede ser consultado según las políticas vigentes. | Biblioteca del Museo Franz Mayer (Rogerio Casas-Alatriste) | Biblioteca del Museo Franz Mayer (Rogerio Casas-Alatriste) | 06/10/2011 | ND673.R8 .R83 1969 | DEB00072 | 22/03/2019 | 22/03/2019 | Libros |